Creatividad y lenguaje: talleres literarios para niños

Guardat en:
Dades bibliogràfiques
Autors principals: Beuchat Reichardt, Cecilia (Autor), Lira, Teresita (Autor)
Format: Llibre
Idioma:espanyol
Publicat: Santiago Andrés Bello 1994
Edició:1a. ed
Matèries:
Etiquetes: Afegir etiqueta
Sense etiquetes, Sigues el primer a etiquetar aquest registre!

MARC

LEADER 00000nam a2200000 a 4500
001 UCH6110
003 CL-VaPUC
008 091109e19940000CL |||||||||||||||||spa|d
020 |a 9561311976 
082 0 4 |a 372.6  |b BEU  |2 21 
100 0 |a Beuchat Reichardt, Cecilia  |e author  |9 542498 
700 0 |a Lira, Teresita  |e author  |9 542499 
245 1 0 |a Creatividad y lenguaje: talleres literarios para niños 
250 |a 1a. ed 
942 |c BK 
945 |d 20091109 00:00:00  |a lazolas 
260 |a Santiago  |b Andrés Bello  |c 1994 
650 0 |a Lenguaje   |9 265069 
650 0 |a Enseñanza de la lectura  |9 308364 
650 7 |a LECTURA PARA NIÑOS  |2 CL-VaPUC  |9 334233 
650 0 |a Poesía infantil  |9 307626 
650 0 |a Cuentos infantiles  |9 308044 
650 0 |a Literatura infantil   |9 307465 
650 0 |a Creatividad   |9 310816 
650 0 |a Aptitud creadora  |9 307292 
583 |a last modification  |c 20091109 00:00:00  |k Rodrigo Vera 
999 |c 337070  |d 337068